Paesi del Mondo con una Mappa che Scompare - Statistics

Statistiche generali
  • Questo quiz è stato fatto 20.717 volte
  • Il punteggio medio è 140 su 196
Risposte nella Mappa
Le risposte nella mappa del quiz sottostante sono codificate secondo una scala di colori dal rosso al verde in base alla % di persone che hanno risposto correttamente.
 
Statistiche sulle risposte
Paese % Corretto
Stati Uniti
96%
Canada
95%
Francia
93%
Italia
93%
Messico
93%
Russia
93%
Brasile
92%
Spagna
92%
Argentina
91%
Cina
91%
Regno Unito
91%
Australia
90%
Cile
90%
Danimarca
90%
Germania
90%
Irlanda
90%
Islanda
90%
Norvegia
90%
Portogallo
90%
Finlandia
89%
India
89%
Svezia
89%
Giappone
88%
Grecia
88%
Marocco
88%
Ucraina
88%
Egitto
87%
Estonia
87%
Lettonia
87%
Polonia
87%
Sudafrica
87%
Turchia
87%
Albania
86%
Austria
86%
Belgio
86%
Lituania
86%
Madagascar
86%
Paesi Bassi
86%
Perù
86%
Romania
86%
Svizzera
86%
Algeria
85%
Bielorussia
85%
Corea del Nord
85%
Corea del Sud
85%
Croazia
85%
Arabia Saudita
84%
Colombia
84%
Cuba
84%
Mongolia
84%
Nuova Zelanda
84%
Slovenia
84%
Uruguay
84%
Malta
83%
Paraguay
83%
Repubblica del Congo
83%
Repubblica Democratica del Congo
83%
Bulgaria
82%
Iran
82%
Libia
82%
Repubblica Ceca
82%
Slovacchia
82%
Tunisia
82%
Venezuela
82%
Bolivia
81%
Bosnia ed Erzegovina
81%
Indonesia
81%
Iraq
81%
Lussemburgo
81%
Serbia
81%
Ungheria
81%
Andorra
80%
Città del Vaticano
80%
Kazakistan
80%
Macedonia del Nord
80%
Montenegro
80%
San Marino
80%
Cipro
79%
Kosovo
79%
Moldavia
79%
Pakistan
79%
Niger
78%
Ecuador
77%
Israele
77%
Panama
77%
Afghanistan
76%
Filippine
76%
Etiopia
75%
Sudan
75%
Vietnam
75%
Nigeria
74%
Somalia
74%
Yemen
74%
Monaco
73%
Oman
73%
Papua Nuova Guinea
73%
Thailandia
73%
Emirati Arabi Uniti
72%
Liechtenstein
72%
Eritrea
71%
Georgia
71%
Nepal
71%
Siria
71%
Uzbekistan
71%
Haiti
70%
Libano
70%
Sri Lanka
70%
Guinea
69%
Qatar
69%
Turkmenistan
69%
Armenia
68%
Kenya
68%
Senegal
68%
Angola
67%
Azerbaijan
67%
Ciad
67%
Guyana
67%
Honduras
67%
Laos
67%
Sud Sudan
67%
Bangladesh
66%
Giordania
66%
Mali
66%
Repubblica Dominicana
66%
Suriname
66%
Cambogia
65%
Birmania
64%
Costa Rica
64%
Giamaica
64%
Maldive
64%
Malesia
64%
Taiwan
64%
Bahamas
63%
Capo Verde
63%
Costa d'Avorio
63%
El Salvador
63%
Guatemala
63%
Nicaragua
63%
Ghana
62%
Lesotho
62%
Mauritania
62%
Zambia
62%
Repubblica Centrafricana
61%
Tagikistan
61%
Tanzania
61%
Zimbabwe
61%
Belize
60%
Bhutan
60%
Figi
60%
Camerun
59%
Mozambico
59%
Namibia
59%
Togo
59%
Botswana
58%
Burundi
58%
Singapore
58%
Uganda
58%
Kirghizistan
57%
Seychelles
57%
Guinea Equatoriale
56%
Kuwait
56%
Liberia
56%
Stati Federati di Micronesia
56%
Barbados
55%
Mauritius
55%
Burkina Faso
54%
Guinea-Bissau
54%
Dominica
53%
Malawi
53%
Ruanda
53%
Santa Lucia
53%
Sierra Leone
52%
Swaziland
52%
Benin
51%
Gambia
51%
Isole Marshall
51%
Trinidad e Tobago
51%
Gabon
50%
Gibuti
50%
Isole Salomone
50%
Antigua e Barbuda
49%
Bahrain
49%
Brunei
48%
Comoros
47%
Palau
47%
Timor Est
46%
Tonga
46%
Kiribati
45%
Saint Kitts e Nevis
45%
Samoa
45%
Sao Tome e Principe
45%
Tuvalu
45%
Saint Vincent e Grenadine
43%
Vanuatu
43%
Grenada
42%
Nauru
41%
Nessun quiz corrispondente trovato
Distribuzione punteggi
Percentuale di utenti per punteggio
Percentile per numero di risposta
I tuoi punteggi nel tempo
Non hai fatto questo quiz